Normal view
MARC view
- PUNJABI LITERATURE-POETRY.PUNJABI POETRY
Entry Topical Term
001 - CONTROL NUMBER
- control field: 28182
003 - CONTROL NUMBER IDENTIFIER
- control field: NUST
005 - DATE AND TIME OF LATEST TRANSACTION
- control field: 20200129130525.0
008 - FIXED-LENGTH DATA ELEMENTS
- fixed length control field: 200129|| aca||aabn | a|a d
040 ## - CATALOGING SOURCE
- Original cataloging agency: NUST
- Transcribing agency: NUST
150 ## - HEADING--TOPICAL TERM
- Topical term or geographic name entry element: PUNJABI LITERATURE-POETRY.PUNJABI POETRY
670 ## - SOURCE DATA FOUND
- Source citation: Work cat.: (NUST): ASHFAQ AHMAD 3162, KHATIYA WATIYA, 2004
